| 000 -ლიდერი |
| ფიქსირებული სიგრძის საკონტროლო ველი |
01954nam a2200289Ia 4500 |
| 001 - საკონტროლო ნომერი |
| საკონტროლო ველი |
8741 |
| 003 - საკონტროლო ნომრის იდენტიფიკატორი |
| საკონტროლო ველი |
GE_BSU |
| 005 - ბოლო ოპერაციის თარიღი და დრო |
| საკონტროლო ველი |
20240513113341.0 |
| 008 - ფიქსირებული სიგრძის მონაცემთა ელემენტები - ზოგადი ინფორმაცია |
| ფიქსირებული სიგრძის საკონტროლო ველი |
181216s2013||||ge |||||||||||||| ||geo|| |
| 020 ## - წიგნის საერთაშორისო სტანდარტული ნომერი |
| International Standard Book Number |
9789941934650 |
| 040 ## - კატალოგიზაციის წყარო |
| Transcribing agency |
GE_BSU |
| 041 ## - ენის კოდი |
| Language code of text/sound track or separate title |
geo |
| 080 ## - უნივერსალური ათობითი კლასიფიკაციის ინდექსი |
| Universal Decimal Classification number |
347.998.2 ნ–33 |
| 245 ## - ცნობა სათაურის შესახებ |
| Title |
ნაფიც მსაჯულთა ინსტიტუი საქართველოში=the institution of Trial by Jury in Georgia / |
| Statement of responsibility, etc |
პროექტის მონაწილენი : გურამ ნაჭყებია, მზია ლეკვეიშვილი, მაია ივანიძე [და სხვ.] ; მთარგმნ. კახა წიქარიშვილი ; ფონდი ღია საზოგადოება საქართველო. |
| 264 ## - წარმოების, გამოცემის, დისტრიბუციის და სხვა ცნობები |
| გამოცემის, წარმოების, დისტრიბუციის... ადგილი |
თბილისი : |
| გამოცემის, წარმოების, დისტრიბუციის... სახელწოდება |
შპს"საინფორმაციო–ანალიტიკური სააგენტო ივერიონი, |
| გამოცემის, წარმოების, დისტრიბუციის... თარიღი |
2013. |
| 300 ## - ფიზიკური აღწერა |
| Extent |
612 გვ. ; |
| Dimensions |
20 სმ. |
| 504 ## - BIBLIOGRAPHY, ETC. NOTE |
| Bibliography, etc |
ბიბლიოგრ. ტექსტ. შენიშვნ. |
| 546 ## - LANGUAGE NOTE |
| Language note |
თავფურ., ტექსტი, ყდა ქართულ და ინგლისურ ენებზე |
| 653 ## - INDEX TERM--UNCONTROLLED |
| Uncontrolled term |
ნაფიც მსაჯულთა ინსტიტუი საქართველოში |
| 700 ## - ADDED ENTRY--PERSONAL NAME |
| Personal name |
ნაჭყებია, გურამ |
| Relator term |
ავტორი |
| 9 (RLIN) |
219 |
| 700 ## - ADDED ENTRY--PERSONAL NAME |
| Personal name |
ლეკვეიშვილი, მზია |
| Relator term |
ავტორი |
| 9 (RLIN) |
22060 |
| 700 ## - ADDED ENTRY--PERSONAL NAME |
| Personal name |
თუმანიშვილი, გიორგი |
| Relator term |
ავტორი |
| 9 (RLIN) |
5244 |
| 700 ## - ADDED ENTRY--PERSONAL NAME |
| Personal name |
გოგნიაშვილი, ნინო |
| Relator term |
ავტორი |
| 9 (RLIN) |
9289 |
| 700 ## - ADDED ENTRY--PERSONAL NAME |
| Personal name |
ბოხაშვილი, ირინე |
| Relator term |
ავტორი |
| 9 (RLIN) |
6814 |
| 700 ## - ADDED ENTRY--PERSONAL NAME |
| Personal name |
წიქარიშვილი, კახა |
| Relator term |
მთარგმნელი |
| 9 (RLIN) |
5935 |
| 942 ## - ADDED ENTRY ELEMENTS (KOHA) |
| Koha item type |
წიგნი |
| Source of classification or shelving scheme |
|